Click Countries Of Oceania On A Map - Sudden Death - Statistics

General Stats
  • This quiz has been taken 91 times
  • The average score is 8 of 14
Answers on the Map
Answers color-coded by a green-red scale on the quiz's map according to % correct below.
 
Answer Stats
Answer % Correct
New Zealand
81%
Papua New Guinea
79%
Australia
76%
F. S. Micronesia
60%
Fiji
57%
Kiribati
57%
Solomon Islands
57%
Marshall Islands
55%
Palau
55%
Nauru
52%
Samoa
50%
Vanuatu
50%
Tuvalu
48%
Tonga
45%
No matching quizzes found
Score Distribution
Percent of People with Each Score
Percentile by Number Answered
Your Score History
You have not taken this quiz